| 000 | 00834nam a2200301 a 4500 | ||
|---|---|---|---|
| 003 | AR-BaBNM | ||
| 005 | 20251128205709.0 | ||
| 008 | 082120s2002 ||||||||||||||000 | spa|| | ||
| 020 | _a84-254-1725-2 | ||
| 040 | _cAR-BaBNM | ||
| 100 | 1 | _aDufoyer, Jean-Pierre | |
| 245 | 0 | 0 | _aInformática, educación y psicología del niño |
| 260 |
_aBarcelona _bHerder _c1991 |
||
| 300 | _a224 p. | ||
| 490 | 0 |
_aBiblioteca de psicología _v166 |
|
| 500 | _aContiene referencias bibliográficas | ||
| 650 | 4 | _aINFORMATICA | |
| 650 | 4 | _aLENGUAJES DE COMPUTACION | |
| 650 | 4 | _aPROGRAMACION [INFORMATICA] | |
| 650 | 4 | _aINTELIGENCIA | |
| 650 | 4 | _aINTELIGENCIA ARTIFICIAL | |
| 650 | 4 | _aPENSAMIENTO | |
| 650 | 4 | _aPSICOLOGIA | |
| 650 | 4 | _aDESARROLLO COGNOSCITIVO | |
| 650 | 4 | _aPROGRAMAS INFORMATICOS | |
| 942 | _cBK | ||
| 998 | _claura | ||
| 999 |
_c12443 _d12443 |
||